000 00872nam a2200253 i 4500
003 DO-SdBNP
005 20251008112736.0
007 ta
008 251008b1979 dr a|||| |||| 00| 0 spa d
040 _aDO-SdBNP
_bspa
_cBNPHU
_erda
041 _aspa
082 4 _axxx
_bM647hi
_222
100 1 _aMiller, Jeannette,
_d1944-
_4aut.
_983484
_eautor
245 1 0 _aHistoria de la pintura dominicana /
_cJeannette Miller ; presentación, Fernando Periche Vidal.
264 _aRepública Dominicana :
_bBanco de Reservas de la República Dominicana,
_c1979.
300 _a106 páginas :
_bilustraciones ;
_c31 cm.
336 _atexto
_btxt
_2rdacontent
337 _asin mediación
_bn
_2rdamedia
338 _avolumen
_bnc
_2rdacarrier
590 _aInventariado, 2025 / LP
700 _aPeriche Vidal, Fernando
_epresentador
_4pr.
_955307
910 _aLoPérez
942 _2ddc
_cLBS1
999 _c59928
_d59928